000 00525nam a2200181Ia 4500
003 LK-CoDNM
005 20240323113050.0
008 010623t1553 xxu||||| |||| 00| 1 sin d
040 _aLK-CoDNM
_dLK-CoDNM
_eLK-CoDNM
041 _asin
080 _aග38
100 _aVijayasriwardhana,K.H.De Silva Abhayasinghe
245 _aසිංහල සංදේශ විචාරය
246 _aSinhala Sandeesha Vichaaraya
260 _bMacalam Book Shop
_aColombo
_c1553
300 _bDamaged
_axvi,223p.,20cm
942 _cBK
999 _c80690
_d80690